Herby miast w województwie pomorskim - Statystyki

Ogólne statystyki
  • Ten quiz został rozwiązany 68 razy
  • Średni wynik to 11 z 16
Statystyki odpowiedzi
Obrazkowy Odpowiedź % Poprawnych
Gdańsk
100%
Gdynia
98%
Sopot
83%
Słupsk
73%
Kościerzyna
71%
Malbork
68%
Wejherowo
66%
Chojnice
63%
Rumia
63%
Reda
61%
Tczew
61%
Puck
56%
Kartuzy
54%
Bytów
51%
Starogard Gdański
51%
Lębork
46%
Nie znaleziono quizów pasujących do podanych kryteriów
Rozkład punktacji
Procent ludzi z każdym wynikiem
Percentyl według liczby udzielonych odpowiedzi
Twoja historia wyników
Nie rozwiązałeś tego quizu